Property leases (Record no. 76690)
[ view plain ]
| 000 -LEADER | |
|---|---|
| fixed length control field | 01397cab a2200181 4500 |
| 001 - CONTROL NUMBER | |
| control field | ##L132913 |
| 008 - FIXED-LENGTH DATA ELEMENTS--GENERAL INFORMATION | |
| fixed length control field | 060322n2006 000 0 eng u |
| 035 ## - SYSTEM CONTROL NUMBER | |
| System control number | (Sirsi) u132913 |
| 041 0# - LANGUAGE CODE | |
| Language code of text/sound track or separate title | eng |
| 100 1# - MAIN ENTRY--PERSONAL NAME | |
| Personal name | King, Vivien |
| 245 00 - TITLE STATEMENT | |
| Title | Property leases |
| Remainder of title | a flexible friend |
| 260 ## - PUBLICATION, DISTRIBUTION, ETC. | |
| Date of publication, distribution, etc. | 2006 |
| 490 #0 - SERIES STATEMENT | |
| Series statement | RICS Building Surveying Faculty |
| -- | The Journal |
| Volume/sequential designation | January / February 2006, 4(1) |
| 520 ## - SUMMARY, ETC. | |
| Summary, etc. | Flexible leases are currently reported as being an attractive option for occupiers. Instead of a lengthy lease with 60 pages of covenants to read, this option could provide them with a simple five or six page agreement for a variable period, without stressing about rent reviews, break clauses, repairing covenants and calculating service charges. But does this make the building surveyors' job redundant? No, because even if the traditional lease is gradually overtaken by short, flexible leases there will be confusion and arguments over the meaning and effect of familiar covenants that will keep them busy. There is also the question of risk: while the burden of property risk is lower, the business risk remains, and as a consequence, tenants will continue to seek assurances from good surveyors. |
| 590 ## - LOCAL NOTE (RLIN) | |
| Local note | IKA280603 |
| 690 ## - LOCAL SUBJECT ADDED ENTRY--TOPICAL TERM (OCLC, RLIN) | |
| Topical term or geographic name as entry element | PROPERTY-RESIDENTIAL PROPERTY-LEASEHOLD RESIDENTIAL PROPERTY-RESIDENTIAL LANDLORD AND TENANT-RESIDENTIAL LEASES-VARIATION OF RESIDENTIAL LEASES |
| 942 ## - ADDED ENTRY ELEMENTS (KOHA) | |
| Suppress in OPAC | 0 |
| Withdrawn status | Lost status | Source of classification or shelving scheme | Damaged status | Not for loan | Home library | Current library | Shelving location | Date acquired | Total Checkouts | Full call number | Barcode | Date last seen | Copy number | Price effective from | Koha item type |
|---|---|---|---|---|---|---|---|---|---|---|---|---|---|---|---|
| Dewey Decimal Classification | London | London | Journal article | 22/03/2006 | L132913 | 132913-1001 | 06/08/2019 | 1 | 06/08/2019 | Journal article |